000 00463nam a2200169 4500
001 VA7347
003 ES-SlBCS
005 20210601154609.0
008 140520s1950 xxu||||| |||| 00| 0 spa d
041 _aspa
100 1 _aSobradillo, Agapito de
_9259001
245 1 0 _aEnquiririon de Deontología médica
_cAgapito de Sobradillo
260 _aMadrid :
_bStudium
_c, 1950
300 _a134 p.;
_c21 cm
650 _aMoral Médica-Emquiridion
_9371761
942 _cBK
999 _c806964
_d806964